Biblioteca

Contrato matrimonial y terapia de pareja / Clifford Sager ; Zoraida J. Valcárcel, Traductor (Registro nro. 32532)

Detalles MARC
000 -LÍDER
Campo fijo de descripción fija 012260000a22002170004500
020 ## - NÚMERO INTERNACIONAL NORMALIZADO PARA LIBROS
Número Internacional Normalizado del libro 84-610-4057-0
041 0# - CÓDIGO DE IDIOMA
Código de idioma para texto/pista de sonido o título separado
082 04 - NÚMERO DE CLASIFICACIÓN DECIMAL DEWEY
Número de clasificación G 170.1 S1296c
001 - NÚMERO DE CONTROL
Campo de control 1208
100 1# - ASIENTO PRINCIPAL--NOMBRE PERSONAL
Nombre personal Sager, Clifford J.
245 10 - TÍTULO
Título del Material Contrato matrimonial y terapia de pareja / Clifford Sager ; Zoraida J. Valcárcel, Traductor
260 ## - PUBLICACIÓN, DISTRIBUCIÓN, ETC. (PIE DE IMPRENTA)
Lugar de publicación, distribución, etc. Buenos Aires, Argentina : Amorrortu
300 ## - DESCRIPCIÓN FÍSICA
Extensión 331 Pag.
336 ## - CONTENT TYPE
Content type term texto
Content type code txt
Source rdacontent
337 ## - MEDIA TYPE
Source rdamedia
Media type term sin mediación
Media type code n
338 ## - CARRIER TYPE
Source rdacarrier
Carrier type term volumen
Carrier type code nc
500 ## - NOTA GENERAL
Nota General Título original : Marriage contracts and couple therapy. Hidden forces in intimate relationships.
505 00 - NOTA DE CONTENIDO
Nota de contenido con formato preestablecido el concepto de contrato matrimonial y sus aplicaciones en terapia -- el contrato individual -- el contrato de interacción -- empleo de los contratos en terapia -- los Smith: un matrimonio en transición -- perfiles de conducta -- combinaciones de cónyuges -- congruencia, complementariedad y conflicto -- principios y técnicas de la terapia -- el sexo en el matrimonio -- parejas en transición, en consolidación y en disolución -- aplicaciones generales y educación para el matrimonio
650 14 - ASIENTO SECUNDARIO DE MATERIA - TERMINO TEMÁTICO
Término temático o nombre geográfico como elemento de entrada PSICOTERAPIA MARITAL \ CONFLICTO DE ROLES \ COMUNICACION - MATRIMONIO
942 ## - TIPO DE MATERIAL (KOHA)
Tipo de Item KOHA Libros General
Existencias
Estado de Material Estado de Perdido Estado de Dañado No para Préstamo Colección Tomo Biblioteca de Origen Biblioteca Permanente Fecha de Adquisición Total de Préstamos Total de Renovaciones Signatura Topográfica Código de Barras Última vez visto Última vez Préstado Ejemplar/Existencia Fecha de Remplazo Tipo de Material
        Colección General   Biblioteca FUSBC Biblioteca FUSBC 11/10/2004 5 1 G 170.1 S1296c 586 29/04/2024 25/04/2024 1 26/01/2016 Libros General

Biblioteca FUSBC | Teléfono: (57+4) 349 88 10 Ext. 141| WhatsApp (+57) 3005338115 
E-mail: biblioteca@unisbc.edu.co | Calle 76 87-14 Robledo Palenque, Medellín, Colombia

Con tecnología Koha